Football Groups of Things - Statistics

General Stats
  • This quiz has been taken 75 times
    4 since last reset
  • The average score is 58 of 63
Answer Stats
Hint Answer % Correct
Clubs that Play in San Siro AC Milan
100%
Clubs Cristiano Ronaldo Played For Al-Nassr
100%
World Cup Winners Argentina
100%
Premier League Big 6 Arsenal
100%
Clubs Lionel Messi Played For Barcelona
100%
World Cup Winners Brazil
100%
Big 5 European Leagues (Names) Bundesliga
100%
Scottish Clubs with 50+ Championships Celtic
100%
Premier League Big 6 Chelsea
100%
Argentinian World Cup Golden Ball Winners Diego Maradona
100%
World Cup Winners England
100%
World Cup Winners France
100%
World Cup Winners Germany
100%
Clubs Lionel Messi Played For Inter Miami
100%
Clubs that Play in San Siro Inter Milan
100%
World Cup Winners Italy
100%
Asian World Cup Hosts Japan
100%
Players with Exactly 3 Ballons d'Or Johan Cruyff
100%
Clubs Cristiano Ronaldo Played For Juventus
100%
Big 5 European Leagues (Names) La Liga
100%
Big 5 European Leagues (Names) Ligue 1
100%
Argentinian World Cup Golden Ball Winners Lionel Messi
100%
MSN Attacking Trio Lionel Messi
100%
Premier League Big 6 Liverpool
100%
MSN Attacking Trio Luis Suàrez
100%
Premier League Big 6 Manchester City
100%
Premier League Big 6 Manchester United
100%
Clubs Cristiano Ronaldo Played For Manchester United
100%
Players with Exactly 3 Ballons d'Or Michel Platini
100%
African World Cup Quarter Finalists Morocco
100%
MSN Attacking Trio Neymar
100%
Clubs Lionel Messi Played For Paris Saint-Germain
100%
Managers with Two European Trebles Pep Guardiola
100%
Big 5 European Leagues (Names) Premier League
100%
Asian World Cup Hosts Qatar
100%
Clubs Cristiano Ronaldo Played For Real Madrid
100%
Card Colors Red
100%
Brazilians Barcelona Stars named "R______o" Rivaldo
100%
Brazilians Barcelona Stars named "R______o" Ronaldinho
100%
Brazilians Barcelona Stars named "R______o" Ronaldo
100%
Big 5 European Leagues (Names) Serie A
100%
Asian World Cup Hosts South Korea
100%
World Cup Winners Spain
100%
Clubs Cristiano Ronaldo Played For Sporting CP
100%
Premier League Big 6 Tottenham
100%
World Cup Winners Uruguay
100%
Card Colors Yellow
100%
African World Cup Quarter Finalists Cameroon
75%
Continental Confederations of the Americas CONCACAF
75%
Brazilian Fla-Flu Game Rivals Flamengo
75%
Brazilian Fla-Flu Game Rivals Fluminense
75%
Kicks Awarded for Opponent's Violation Free Kick
75%
Players with Exactly 3 Ballons d'Or Marco van Basten
75%
Kicks Awarded for Opponent's Violation Penalty
75%
Scottish Clubs with 50+ Championships Rangers
75%
Balkan Clubs that Won the Champions League Red Star Belgrade
75%
Brazilians Barcelona Stars named "R______o" Romario
75%
Continental Confederations of the Americas CONMEBOL
50%
African World Cup Quarter Finalists Ghana
50%
Managers with Two European Trebles Luis Enrique
50%
Argentinian World Cup Golden Ball Winners Mario Kempes
50%
African World Cup Quarter Finalists Senegal
50%
Balkan Clubs that Won the Champions League Steaua Bucharest
50%
No matching quizzes found
Score Distribution
Percent of People with Each Score
Percentile by Number Answered
Your Score History
You have not taken this quiz since the last reset